Развитие природы территории СССР в позднем плейстоцене и голоцене

Bibliographic Details
Corporate Author: Академия наук СССР (АН СССР) Институт географии (ИГ)
Other Authors: Величко А. А. (редактор)
Language:Russian
Published: Москва, Наука, 1982
Subjects:
Format: Book
KOHA link:https://koha.lib.tpu.ru/cgi-bin/koha/opac-detail.pl?biblionumber=289525

MARC

LEADER 00000nam0a2200000 4500
001 289525
005 20231102000209.0
035 |a (RuTPU)RU\TPU\book\314033 
090 |a 289525 
100 |a 20150401d1982 k y0rusy50 ca 
101 0 |a rus 
102 |a RU 
105 |a a z 001zy 
200 1 |a Развитие природы территории СССР в позднем плейстоцене и голоцене  |f Академия наук СССР (АН СССР), Институт географии (ИГ) ; под ред. А. А. Величко 
210 |a Москва  |c Наука  |d 1982 
215 |a 271 с.  |c ил. 
320 |a Библиогр. в конце ст. 
606 1 |a Палеогеография  |2 stltpush  |3 (RuTPU)RU\TPU\subj\47964  |9 66847 
610 1 |a СССР 
610 1 |a природа 
610 1 |a развитие 
610 1 |a плейстоцен 
610 1 |a голоцен 
610 1 |a оледенение 
610 1 |a горные районы 
610 1 |a лессообразование 
675 |a 551.8  |v 4 
702 1 |a Величко  |b А. А.  |4 340 
712 0 2 |a Академия наук СССР (АН СССР)  |b Институт географии (ИГ)  |c (Москва)  |2 stltpush  |3 (RuTPU)RU\TPU\col\11388 
801 1 |a RU  |b 63413507  |c 20150401 
801 2 |a RU  |b 63413507  |c 20170707  |g RCR 
942 |c BK